<?xml version="1.0" encoding="UTF-8"?>
<record
    xmlns:xsi="http://www.w3.org/2001/XMLSchema-instance"
    xsi:schemaLocation="http://www.loc.gov/MARC21/slim http://www.loc.gov/standards/marcxml/schema/MARC21slim.xsd"
    xmlns="http://www.loc.gov/MARC21/slim">

  <leader>01402cam a2200325 a 4500</leader>
  <datafield tag="952" ind1=" " ind2=" ">
    <subfield code="0">0</subfield>
    <subfield code="1">0</subfield>
    <subfield code="4">0</subfield>
    <subfield code="7">0</subfield>
    <subfield code="8">OPEN</subfield>
    <subfield code="a">UCCML</subfield>
    <subfield code="b">UCCML</subfield>
    <subfield code="c">MLEE2</subfield>
    <subfield code="d">2018-06-06</subfield>
    <subfield code="i">0261374</subfield>
    <subfield code="l">0</subfield>
    <subfield code="o">QA303.2.C12</subfield>
    <subfield code="p">30261101658849</subfield>
    <subfield code="r">2021-09-13 00:00:00</subfield>
    <subfield code="w">2018-06-06</subfield>
    <subfield code="y">BK</subfield>
  </datafield>
  <datafield tag="999" ind1=" " ind2=" ">
    <subfield code="c">23320</subfield>
    <subfield code="d">23320</subfield>
  </datafield>
  <controlfield tag="001">ocn793894535</controlfield>
  <controlfield tag="003">OCoLC</controlfield>
  <controlfield tag="005">20220304144150.0</controlfield>
  <controlfield tag="008">120423s2013    maua          001 0 eng c</controlfield>
  <datafield tag="020" ind1=" " ind2=" ">
    <subfield code="a">9780321785503</subfield>
    <subfield code="q">(pbk.)</subfield>
  </datafield>
  <datafield tag="020" ind1=" " ind2=" ">
    <subfield code="a">0321785509</subfield>
    <subfield code="q">(pbk.)</subfield>
  </datafield>
  <datafield tag="035" ind1=" " ind2=" ">
    <subfield code="a">(OCoLC)793894535</subfield>
  </datafield>
  <datafield tag="040" ind1=" " ind2=" ">
    <subfield code="a">NLE</subfield>
    <subfield code="b">eng</subfield>
    <subfield code="c">NLE</subfield>
    <subfield code="d">BDX</subfield>
    <subfield code="d">UIU</subfield>
    <subfield code="d">DGU</subfield>
    <subfield code="d">JYJ</subfield>
    <subfield code="d">OCLCF</subfield>
    <subfield code="d">OCLCO</subfield>
    <subfield code="d">OCLCQ</subfield>
  </datafield>
  <datafield tag="042" ind1=" " ind2=" ">
    <subfield code="a">pcc</subfield>
  </datafield>
  <datafield tag="050" ind1="1" ind2="4">
    <subfield code="a">QA303.2</subfield>
    <subfield code="b">.C3553 2013</subfield>
  </datafield>
  <datafield tag="082" ind1="0" ind2="4">
    <subfield code="a">515.22</subfield>
    <subfield code="b">C126</subfield>
    <subfield code="2">23</subfield>
  </datafield>
  <datafield tag="245" ind1="0" ind2="0">
    <subfield code="a">Calculus for scientists and engineers :</subfield>
    <subfield code="b">early transcendentals : single variable /</subfield>
    <subfield code="c">William Briggs [and others].</subfield>
  </datafield>
  <datafield tag="260" ind1=" " ind2=" ">
    <subfield code="a">Boston ;</subfield>
    <subfield code="a">Harlow :</subfield>
    <subfield code="b">Pearson Education,</subfield>
    <subfield code="c">&#xFFFD;2013.</subfield>
  </datafield>
  <datafield tag="300" ind1=" " ind2=" ">
    <subfield code="a">1 volume (various pagings) ([approximately 840] pages) :</subfield>
    <subfield code="b">illustrations (some color) ;</subfield>
    <subfield code="c">28 cm</subfield>
  </datafield>
  <datafield tag="500" ind1=" " ind2=" ">
    <subfield code="a">Includes index.</subfield>
  </datafield>
  <datafield tag="505" ind1="0" ind2=" ">
    <subfield code="a">Functions -- Limits -- Derivatives -- Applications of the derivative -- Integration -- Applications of integration -- Integration techniques -- Differential equations -- Sequences and infinite series -- Power series -- Parametric and polar curves.</subfield>
  </datafield>
  <datafield tag="650" ind1=" " ind2="0">
    <subfield code="a">Calculus</subfield>
    <subfield code="v">Textbooks.</subfield>
    <subfield code="9">2614</subfield>
  </datafield>
  <datafield tag="650" ind1=" " ind2="0">
    <subfield code="a">Transcendental functions</subfield>
    <subfield code="v">Textbooks.</subfield>
    <subfield code="9">14176</subfield>
  </datafield>
  <datafield tag="650" ind1=" " ind2="7">
    <subfield code="a">Calculus.</subfield>
    <subfield code="2">fast</subfield>
    <subfield code="9">30046</subfield>
  </datafield>
  <datafield tag="650" ind1=" " ind2="7">
    <subfield code="a">Transcendental functions.</subfield>
    <subfield code="2">fast</subfield>
    <subfield code="9">25156</subfield>
  </datafield>
  <datafield tag="655" ind1=" " ind2="7">
    <subfield code="a">Textbooks.</subfield>
    <subfield code="2">fast</subfield>
    <subfield code="9">30047</subfield>
  </datafield>
  <datafield tag="700" ind1="1" ind2=" ">
    <subfield code="a">Briggs, William L.</subfield>
    <subfield code="9">30048</subfield>
  </datafield>
  <datafield tag="942" ind1=" " ind2=" ">
    <subfield code="c">BK</subfield>
  </datafield>
  <datafield tag="948" ind1=" " ind2=" ">
    <subfield code="h">NO HOLDINGS IN GHUCC - 15 OTHER HOLDINGS</subfield>
  </datafield>
</record>
